000 00514cam a2200145 4500500
005 20260329015112.0
041 _afre
042 _adc
100 1 0 _aGuidon-Le Brun, Maryvonne
_eauthor
245 0 0 _aMy company produces chemical waste classified as hazardous. How should it be managed?
260 _c2026.
500 _a77
786 0 _nEnvironment | - | 2026-03-09 | p. 37-37
856 4 1 _uhttps://stm.cairn.info/managing-a-classified-facility--bdti22711210-fic0302-page-37?lang=en&redirect-ssocas=7080
999 _c1894568
_d1894568